=LDR 00000nam 2200000 4500 =001 INLIS000000000031672 =005 20130612133731 =008 ***********************************ind** =035 ##$$0010-061300000031672 =041 ##$$a ind =090 ##$$a 028.5 , War s =100 ##$$a WARDHANA, Eka =245 ##$$a Sahabat Nabi Untuk Balita, , Abdullah Bin Umar, Eka Wardhana =260 ##$$a Syaanul Cipta Media $b Bandung =300 ##$$a 27 hlm., , Illus., , 15cm =650 ##$$a BACAAN ANAK-ANAK =850 ##$$a NBPNMAT